Drapeaux, formes et capitales - Océanie-Pacifique - Statistiques

Statistiques générales
  • Ce quiz a été pris 240 fois
  • Le résultat moyen est 27 sur 46
Statistiques - réponses
Par images Réponse % Correct
Australie
94%
Nouvelle-Zélande
93%
Fidji
92%
Vanuatu
89%
Papouasie-Nouvelle-Guinée
88%
Kiribati
87%
Palaos
87%
Samoa
87%
Tonga
86%
Australie
84%
Etats Fédérés de Micronésie
84%
Nouvelle-Zélande
79%
Papouasie-Nouvelle-Guinée
78%
Tuvalu
78%
îles Marshall
77%
Nauru
76%
Salomon
76%
Canberra
63%
Wellington
62%
Salomon
56%
îles Cook
53%
Kiribati
53%
Port Moresby
52%
Nauru
50%
Suva
50%
Fidji
49%
Port-Vila
48%
Samoa
47%
Vanuatu
47%
Palikir
46%
Palaos
45%
Tarawa
45%
Apia
44%
Etats Fédérés de Micronésie
44%
Tonga
44%
Niue
43%
Tuvalu
43%
Yaren
43%
Nuku'alofa
42%
Funafuti
41%
îles Marshall
41%
Honiara
40%
Melekeok
40%
Delap-Uliga-Darrit
37%
Avarua
18%
Alofi
17%
Aucun quiz correspondant
Distribution des résultats
% des personnes avec chaque résultat
Percentile par nombre de réponses
Votre historique - résultats
Vous n’avez pas pris ce quiz